[Event "RUS-ch Eurasia Cup op"]
[Site "Ekaterinburg"]
[Date "2018.08.09"]
[Round "8"]
[White "Kombarov, Mikhail"]
[Black "Semenov, Anatoliy"]
[Result "0-1"]
[WhiteElo "1632"]
[BlackElo "1766"]
[PlyCount "86"]
[EventDate "2018.08.01"]
[EventType "swiss"]
[EventRounds "9"]
[EventCountry "RUS"]
[SourceTitle "CBM 185 Extra"]
[Source "ChessBase"]
[SourceDate "2018.07.29"]
[SourceVersion "1"]
[SourceVersionDate "2018.07.29"]
[SourceQuality "1"]

1. e4 e5 2. Nf3 Nc6 3. d4 exd4 4. Nxd4 Bc5 5. Nxc6 Qf6 6. Qf3 Qxc6 7. Nc3 Ne7 8. Bb5 Qb6 9. 0-0 0-0 10. Bc4 Qg6 11. Bf4 d6 12. Rfe1 Bb4 13. a3 Ba5 14. b4 Bb6 15. e5 Nc6 16. Bd3 Bf5 17. exd6 Nd4 18. Qd1 Bxd3 19. cxd3 cxd6 20. Nd5 Bd8 21. Ne7+ Bxe7 22. Rxe7 Qf6 23. Re4 Rfe8 24. Be3 Nc6 25. Rc1 a6 26. Qg4 Ne5 27. Qe2 Nc6 28. Qg4 Ne5 29. Qe2 Rac8 30. Rxc8 Rxc8 31. d4 Qg6 32. Bf4 f5 33. Qa2+ Kh8 34. dxe5 fxe4 35. exd6 Qxd6 36. g3 Qc6 37. Qb3 h6 38. Qf7 Re8 39. Be3 Rd8 40. Qe7 Qf6 41. Qxf6 gxf6 42. Bxh6 Kh7 43. Be3 Rd3 0-1

[Event "RUS-ch Eurasia Cup op"]
[Site "Ekaterinburg"]
[Date "2018.08.08"]
[Round "7"]
[White "Monastyrenko, Nataliya"]
[Black "Kombarov, Mikhail"]
[Result "0-1"]
[WhiteElo "1122"]
[BlackElo "1632"]
[PlyCount "38"]
[EventDate "2018.08.01"]
[EventType "swiss"]
[EventRounds "9"]
[EventCountry "RUS"]
[SourceTitle "CBM 185 Extra"]
[Source "ChessBase"]
[SourceDate "2018.07.29"]
[SourceVersion "1"]
[SourceVersionDate "2018.07.29"]
[SourceQuality "1"]

1. e4 e6 2. c4 c5 3. Nc3 Nc6 4. Nf3 d6 5. b3 Nf6 6. h3 Be7 7. g4 0-0 8. a3 Re8 9. Bg2 d5 10. e5 Nd7 11. cxd5 exd5 12. Nxd5 Ndxe5 13. Nxe5 Nxe5 14. Qc2 Nf3+ 15. Bxf3 Bf6+ 16. Kd1 Bxa1 17. Qxc5 Be6 18. Qc7 Qxc7 19. Nxc7 Bxb3# 0-1